RISCONTRI. LUGLIO DICEMBRE 1996. CULTURA E ATTUALITÀ. (Record n. 333563)

Dettagli MARC
000 -LEADER
fixed length control field 02146nas a2200277Ia 4500
001 - CONTROL NUMBER
control field R052-S5391
003 - CONTROL NUMBER IDENTIFIER
control field IT-CnALBA
008 - FIXED-LENGTH DATA ELEMENTS--GENERAL INFORMATION
fixed length control field 170116c99999999xx |||||||||||| ||und||
040 ## - CATALOGING SOURCE
Original cataloging agency IT-CnALBA
Transcribing agency IT-CnALBA
041 ## - LANGUAGE CODE
Language code of text/sound track or separate title ITALIANO
999 ## - SYSTEM CONTROL NUMBERS (KOHA)
Koha Dewey Subclass [OBSOLETE] NO
100 ## - MAIN ENTRY--PERSONAL NAME
Personal name GIORDANO MARIO
210 ## - ABBREVIATED TITLE
Abbreviated title RISCONTRI
222 ## - KEY TITLE
Key title RISCONTRI
245 #0 - TITLE STATEMENT
Title RISCONTRI. LUGLIO DICEMBRE 1996. CULTURA E ATTUALITÀ.
250 ## - EDITION STATEMENT
Edition statement 1a ed.
260 ## - PUBLICATION, DISTRIBUTION, ETC. (IMPRINT)
Place of publication, distribution, etc. AVELLINO
Name of publisher, distributor, etc. SABATIA EDITRICE
Date of publication, distribution, etc. 1996 [1° Ed.:1996 - Ed.Ling.Originale: 1996]
300 ## - PHYSICAL DESCRIPTION
Extent 138 p.
310 ## - CURRENT PUBLICATION FREQUENCY
Current publication frequency TRIMESTRALE
362 ## - DATES OF PUBLICATION AND/OR SEQUENTIAL DESIGNATION
Dates of publication and/or sequential designation Fascicolo: 3-4 / Anno: 18 (1996)
500 ## - GENERAL NOTE
General note IL CANNOCCHIALE DI GALILEO. TENDENZE ATTUALI DELLA CRITICA IN USA. GARNA S. BANDI A. LA SUGGESTIONE DEL VASTISSIMO ORIZZONTE. PANELLA G. MODI DEL PARADOSSO, PASCAL E KIERKEGAARD. TEDESCHI V. INNI DELLA CREAZIONE. SCHIAVINO M. T. UN POETA PER UTOPIA. IGNAZIO CIAIA. FIORIOLI E. LA FRANCOFONIA IN LUISIANA LEGATA AD UNA STORIA D'AMORE. RUZZI C. DUE INTERVISTE CON M. L. SPAZIANI. CARDUCCI M. MERITATO RECUPERO DI SCRITTI DEI SEICENTO. LENISA M. G. UN POEMA EPICO METAFISICO DI MARIO LUZI, IL VIAGGIO TERRESTRE E CELESTE DI SIMONE MARTINI. DE MAIO M. LA PREFERENZA DI ROSA BERTI SABBIETI COME INDAGINE NELL'OLTRE. LIBRI E RIVISTE, RECENSIONI. INDICE ANNATE 1995 E 1996.
501 ## - WITH NOTE
With note Società San Paolo EM - Piazza San Paolo, 14 - 12051 ALBA (CN) (non commercial uses only) ® Copyright 2017
520 ## - SUMMARY, ETC.
Summary, etc. IL CANNOCCHIALE DI GALILEO. TENDENZE ATTUALI DELLA CRITICA IN USA. GARNA S. BANDI A. LA SUGGESTIONE DEL VASTISSIMO ORIZZONTE. PANELLA G. MODI DEL PARADOSSO, PASCAL E KIERKEGAARD. TEDESCHI V. INNI DELLA CREAZIONE. SCHIAVINO M. T. UN POETA PER UTOPIA. IGNAZIO CIAIA. FIORIOLI E. LA FRANCOFONIA IN LUISIANA LEGATA AD UNA STORIA D'AMORE. RUZZI C. DUE INTERVISTE CON M. L. SPAZIANI. CARDUCCI M. MERITATO RECUPERO DI SCRITTI DEI SEICENTO. LENISA M. G. UN POEMA EPICO METAFISICO DI MARIO LUZI, IL VIAGGIO TERRESTRE E CELESTE DI SIMONE MARTINI. DE MAIO M. LA PREFERENZA DI ROSA BERTI SABBIETI COME INDAGINE NELL'OLTRE. LIBRI E RIVISTE, RECENSIONI. INDICE ANNATE 1995 E 1996.
650 ## - SUBJECT ADDED ENTRY--TOPICAL TERM
Topical term or geographic name as entry element RIVISTE VARIE
942 ## - ADDED ENTRY ELEMENTS (KOHA)
Koha item type RIVISTA
957 ## -
-- 1
999 ## - SYSTEM CONTROL NUMBERS (KOHA)
-- 1
Dati di copia
Withdrawn status Lost status Damaged status Not for loan Home library Current library Date acquired Total Checkouts Full call number Date last seen Price effective from Koha item type Public note
    Buone Condizioni Not For Loan ALBA - Biblioteca ALBA - Biblioteca 16/01/2017   R052-S5391 16/01/2017 16/01/2017 RIVISTA (data import: 16 gennaio 2017) - By Epidotti, Vaglietti.
CREDITS: SOCIETA' SAN PAOLO Via A.Severo, 58 - ROMA (RM) & PERIODICI SAN PAOLO SRL Via Giotto, 36 MILANO & CISF Via Giotto, 36 MILANO & EDIZIONI SAN PAOLO SRL,  Piazza Soncino, 5 CINISELLO BALSAMO (MI) -- ITALY